[Event "Bayern-ch (Women)"]
[Site "Rosenheim"]
[Date "2024.08.29"]
[Round "7"]
[White "Nesmjanowitsch, Julia"]
[Black "Koeberl, Christiane"]
[Result "1-0"]
[WhiteElo "1615"]
[BlackElo "1745"]
[PlyCount "67"]
[EventDate "2024.08.25"]
[EventType "swiss"]
[EventRounds "9"]
[EventCountry "GER"]
[SourceTitle "EXT 2025"]
[Source "ChessBase"]
[SourceDate "2024.10.14"]
[SourceVersion "1"]
[SourceVersionDate "2024.10.14"]
[SourceQuality "1"]

1. e4 c5 2. Nf3 e6 3. d4 cxd4 4. Nxd4 a6 5. Nc3 Qc7 6. Be2 Nf6 7. f3 Bc5 8. Nb3 Ba7 9. Bg5 d6 10. Qd2 Nbd7 11. 0-0-0 Bb8 12. h4 h6 13. Be3 b5 14. g4 Nc5 15. Nxc5 dxc5 16. Bxc5 Bb7 17. Nxb5 Qd7 18. Qxd7+ Nxd7 19. Nd6+ Bxd6 20. Bxd6 Rc8 21. Bb4 Ne5 22. b3 f6 23. Rd6 Kf7 24. Rhd1 Rhe8 25. Rd7+ Nxd7 26. Rxd7+ Kg6 27. Rxb7 Rc6 28. Rd7 Rec8 29. Bd3 Rb6 30. Ba5 Rbc6 31. e5+ f5 32. gxf5+ exf5 33. Rd6+ Kh5 34. Bxf5 1-0

[Event "Bayern-ch (Women)"]
[Site "Rosenheim"]
[Date "2024.08.28"]
[Round "5"]
[White "Albayrak, Melissa"]
[Black "Nesmjanowitsch, Julia"]
[Result "0-1"]
[WhiteElo "1604"]
[BlackElo "1615"]
[PlyCount "44"]
[EventDate "2024.08.25"]
[EventType "swiss"]
[EventRounds "9"]
[EventCountry "GER"]
[SourceTitle "EXT 2025"]
[Source "ChessBase"]
[SourceDate "2024.10.14"]
[SourceVersion "1"]
[SourceVersionDate "2024.10.14"]
[SourceQuality "1"]

1. e4 e5 2. Nf3 Nc6 3. Nc3 Nf6 4. Bc4 Nxe4 5. Nxe4 d5 6. Bxd5 Qxd5 7. d3 Bg4 8. h3 Bh5 9. Nc3 Bb4 10. Bd2 Bxc3 11. Bxc3 Bxf3 12. gxf3 0-0-0 13. Rg1 g6 14. f4 Rhe8 15. fxe5 Nxe5 16. Kf1 f5 17. Bxe5 Rxe5 18. b3 Rde8 19. Qd2 Qf3 20. Rg2 Re2 21. Qh6 Rxf2+ 22. Rxf2 Qh1# 0-1

[Event "Bayern-ch (Women)"]
[Site "Rosenheim"]
[Date "2024.08.27"]
[Round "4"]
[White "Nesmjanowitsch, Julia"]
[Black "Holzmann, Alisa"]
[Result "1-0"]
[WhiteElo "1615"]
[BlackElo "1032"]
[PlyCount "105"]
[EventDate "2024.08.25"]
[EventType "swiss"]
[EventRounds "9"]
[EventCountry "GER"]
[SourceTitle "EXT 2025"]
[Source "ChessBase"]
[SourceDate "2024.10.14"]
[SourceVersion "1"]
[SourceVersionDate "2024.10.14"]
[SourceQuality "1"]

1. e4 c6 2. d4 d5 3. f3 dxe4 4. fxe4 e5 5. Nf3 exd4 6. Bc4 Be7 7. 0-0 Be6 8. Bxe6 fxe6 9. Nxd4 Qb6 10. Qh5+ g6 11. Qe5 Bf6 12. Qxe6+ Kd8 13. Rd1 Nd7 14. Be3 c5 15. c3 cxd4 16. Qf7 Qc5 17. cxd4 Qe7 18. Qd5 Qb4 19. e5 Ne7 20. Qf3 Bg7 21. Nc3 Rf8 22. Qe4 Rc8 23. Bg5 Nb6 24. Qxb7 Rc7 25. Nd5 Rxb7 26. Nxb4 h6 27. Nc6+ Ke8 28. Bxe7 Rxe7 29. Nxe7 Kxe7 30. Rac1 Nd5 31. Rc6 g5 32. Rdc1 Kf7 33. Rf1+ Nf4 34. g3 Kg8 35. gxf4 gxf4 36. Kf2 Rb8 37. b3 Rb4 38. Rc4 Rb5 39. Rg1 Rb7 40. e6 Kh7 41. d5 Bf6 42. d6 Bg5 43. Rc7+ Rxc7 44. dxc7 Kg7 45. c8Q Kf6 46. Qd7 Ke5 47. Re1+ Kf5 48. e7+ Kg6 49. e8B+ Kf6 50. Qe6+ Kg7 51. Qg6+ Kh8 52. Bf7 f3 53. Qg8# 1-0

[Event "Bayern-ch (Women)"]
[Site "Rosenheim"]
[Date "2024.08.27"]
[Round "3"]
[White "Tuerel, Tugce"]
[Black "Nesmjanowitsch, Julia"]
[Result "1-0"]
[WhiteElo "1697"]
[BlackElo "1615"]
[PlyCount "131"]
[EventDate "2024.08.25"]
[EventType "swiss"]
[EventRounds "9"]
[EventCountry "GER"]
[SourceTitle "EXT 2025"]
[Source "ChessBase"]
[SourceDate "2024.10.14"]
[SourceVersion "1"]
[SourceVersionDate "2024.10.14"]
[SourceQuality "1"]

1. e4 e5 2. Nf3 Nc6 3. Bc4 Bc5 4. c3 Nf6 5. d3 d6 6. Bb3 Bg4 7. Nbd2 0-0 8. 0-0 d5 9. exd5 Nxd5 10. Ne4 Bb6 11. a3 h6 12. h3 Be6 13. c4 Nf6 14. Qc2 Nxe4 15. dxe4 Nd4 16. Nxd4 Bxd4 17. Bd2 Qd7 18. Bc3 c5 19. Ba2 f5 20. b4 b6 21. Rad1 f4 22. Rd3 f3 23. Bxd4 exd4 24. Qb3 fxg2 25. Kxg2 Rf6 26. Rg3 Raf8 27. Qd3 Qf7 28. Qe2 Rg6 29. Bb1 Rxg3+ 30. Kxg3 Qf4+ 31. Kg2 Kh8 32. e5 Qh4 33. Qd3 Bf5 34. Qg3 Be4+ 35. f3 Qxg3+ 36. Kxg3 Bxb1 37. Rxb1 Re8 38. Kf4 g5+ 39. Kf5 Kg7 40. bxc5 Rf8+ 41. Ke4 bxc5 42. Rb7+ Rf7 43. Rb3 Rc7 44. Kd5 Kf7 45. Kd6 Rc8 46. Rb7+ Kf8 47. e6 d3 48. Kd7 Re8 49. Rb3 Re7+ 50. Kd6 Re8 51. Kxc5 d2 52. Rd3 Rc8+ 53. Kb4 Ke7 54. Rxd2 Kxe6 55. c5 Kf5 56. Rd4 Rb8+ 57. Kc4 Rc8 58. h4 Kg6 59. hxg5 hxg5 60. Kd5 Kf6 61. c6 Rd8+ 62. Kc5 Rc8 63. Rd7 Re8 64. c7 Rc8 65. Kc6 Ke6 66. Rd8 1-0

[Event "Nuremberg Zabo op 23rd"]
[Site "Nuremberg"]
[Date "2023.09.17"]
[Round "4"]
[White "Ruderer, Maximilian"]
[Black "Nesmjanowitsch, Julia"]
[Result "1-0"]
[WhiteElo "1896"]
[BlackElo "1168"]
[PlyCount "86"]
[EventDate "2023.09.15"]
[EventType "swiss"]
[EventRounds "5"]
[EventCountry "GER"]
[SourceTitle "CBM 216 Extra"]
[Source "ChessBase"]
[SourceDate "2023.11.30"]
[SourceVersion "1"]
[SourceVersionDate "2023.11.30"]
[SourceQuality "1"]

1. e4 e5 2. Nf3 Nc6 3. Bb5 a6 4. Ba4 b5 5. Bb3 Nf6 6. 0-0 Bc5 7. d3 0-0 8. Bg5 h6 9. Bh4 Be7 10. Nbd2 d6 11. c3 Be6 12. Re1 Nh7 13. Bxe7 Qxe7 14. d4 Bg4 15. Bd5 Qd7 16. dxe5 Rae8 17. Bxc6 Qxc6 18. Nd4 Qd7 19. e6 Bxe6 20. Nf1 f5 21. e5 f4 22. a4 Ng5 23. Nxe6 Qxe6 24. exd6 Nh3+ 25. gxh3 Qxh3 26. Qd5+ Kh8 27. Qg2 Qd7 28. dxc7 Qxc7 29. Qg6 Rd8 30. Rad1 Rxd1 31. Rxd1 Rf6 32. Qe4 Qb6 33. Nd2 Rg6+ 34. Kf1 Qf6 35. Nf3 bxa4 36. Ne5 Rg5 37. Rd8+ Qxd8 38. Nf7+ Kg8 39. Nxd8 a3 40. Qe6+ Kh8 41. Nc6 Rb5 42. Ne7 Rb8 43. Kg2 axb2 1-0